|
|
|
|
| LEADER |
00000nam a2200000Ia 4500 |
| 008 |
141002s1985 cr 000 | und d |
| 999 |
|
|
|c 1753
|d 1753
|
| 090 |
|
|
|a 06.03.06
|b 132
|
| 100 |
1 |
|
|a Méndez Barrantes, Zayra
|9 2957
|
| 245 |
1 |
0 |
|a Aprendizaje de la aritmética elemental por medio de juegos /
|c Zayra Méndez Barrantes, Zulay Pereira Pérez
|
| 260 |
|
|
|a San José, Costa Rica :
|b IIMEC,
|c 1985
|
| 300 |
|
|
|a 19 páginas
|
| 500 |
|
|
|a Programa de Investigación en Epistemología, Genética y Educación
|
| 650 |
1 |
4 |
|a MATEMÁTICAS
|9 482
|
| 650 |
1 |
4 |
|a ARITMÉTICA
|9 2608
|
| 650 |
1 |
4 |
|a JUEGOS
|9 275
|
| 650 |
1 |
4 |
|a ENSEÑANZA
|9 14
|
| 650 |
1 |
4 |
|a PEDAGOGÍA
|9 1770
|
| 650 |
1 |
4 |
|a LÓGICA
|9 640
|
| 650 |
1 |
4 |
|a EDUCACIÓN PRIMARIA
|9 367
|
| 700 |
1 |
|
|a Pereira Pérez, Zulay
|9 2902
|
| 942 |
|
|
|i 0090 ,0089
|h 06.03.06 132
|2 z
|c 04
|